Europe - Statistics

General Stats
  • This quiz has been taken 15 times
  • The average score is 41 of 43
Answer Stats
Answer % Correct
Andorra
100%
Austria
100%
Belarus
100%
Belgium
100%
Croatia
100%
Denmark
100%
Estonia
100%
Finland
100%
France
100%
Germany
100%
Greece
100%
Ireland
100%
Latvia
100%
Lithuania
100%
Luxembourg
100%
Malta
100%
Norway
100%
Poland
100%
Portugal
100%
Russia
100%
Serbia
100%
Slovakia
100%
Slovenia
100%
Switzerland
100%
Uk
100%
Albania
93%
Bosnia
93%
Bulgaria
93%
Czechia
93%
Hungary
93%
Iceland
93%
Italy
93%
Netherlands
93%
Romania
93%
San Marino
93%
Ukraine
93%
Vatican
93%
Liechtenstein
87%
Moldova
87%
Montenegro
87%
North Macedonia
87%
Spain
87%
Monaco
80%
No matching quizzes found
Score Distribution
Percent of People with Each Score
Percentile by Number Answered
Your Score History
You have not taken this quiz